000 00422nam a2200181Ia 4500
001 23248
005 20260414150924.0
008 260414t2016||||xx |||||||||||||| ||spa||
041 _aESP
082 _a627.13
_bV68R
100 _aVillón Béjar, Máximo
_eAUT
245 0 _aHEC - RAS :
_bejemplos
260 _c2016
300 _a740 páginas :
_c21 cm.
650 _a0
654 _aCIC
942 _cLIB
_dJUS
_fJUS
_2ddc
_n
999 _c23248
_d23248